| 000 | 01159nam a2200421 a 4500 | ||
|---|---|---|---|
| 003 | AR-BaBNM | ||
| 005 | 20251128210510.0 | ||
| 008 | 082120s2002 ||||||||||||||000 | spa|| | ||
| 020 | _a950-12-8901-X | ||
| 040 | _cAR-BaBNM | ||
| 100 | 1 | _aO'Donnell, Guillermo | |
| 245 | 0 | 0 |
_aContrapuntos _bensayos escogidos sobre autoritarismo y democratización |
| 250 | _a1ª ed. | ||
| 260 |
_aBuenos Aires _bPaidós _c1997 |
||
| 300 | _a360 p. | ||
| 490 | 0 |
_aLatinoamericana _vv. 1 |
|
| 500 | _aContiene referencias bibliográficas | ||
| 650 | 4 | _aHISTORIA ARGENTINA | |
| 650 | 4 | _aHISTORIA LATINOAMERICANA | |
| 650 | 4 | _aPOLITICA GUBERNAMENTAL | |
| 650 | 4 | _aECONOMIA | |
| 650 | 4 | _aMILITARISMO | |
| 650 | 4 | _aCIENCIAS POLITICAS | |
| 650 | 4 | _aDEMOCRACIA | |
| 650 | 4 | _aBUROCRACIA | |
| 650 | 4 | _aSISTEMAS POLITICOS | |
| 650 | 4 | _aBIENESTAR SOCIAL | |
| 650 | 4 | _aFUERZAS ARMADAS | |
| 650 | 4 | _aDEMOCRACIA | |
| 650 | 4 | _aSUBDESARROLLO | |
| 650 | 4 | _aDESIGUALDAD SOCIAL | |
| 650 | 4 | _aCONFLICTO SOCIAL | |
| 650 | 4 | _aPOBREZA | |
| 700 | 1 |
_aMazzuca, Sebastián _etraductor |
|
| 700 | 1 |
_aWolfson, Leandro _etraductor |
|
| 942 | _cBK | ||
| 998 | _cMariana | ||
| 999 |
_c15695 _d15695 |
||